Watermist systems for fire protection in domestic and residential buildings (Record no. 115193)
[ view plain ]
| 000 -LEADER | |
|---|---|
| fixed length control field | 01295cam a22002535a 4500 |
| 001 - CONTROL NUMBER | |
| control field | L158193 |
| 008 - FIXED-LENGTH DATA ELEMENTS--GENERAL INFORMATION | |
| fixed length control field | 110523s2014 xxka f 000 0 eng u |
| 020 ## - INTERNATIONAL STANDARD BOOK NUMBER | |
| International Standard Book Number | 9781848063914 |
| 035 ## - SYSTEM CONTROL NUMBER | |
| System control number | (Sirsi) u158193 |
| 041 0# - LANGUAGE CODE | |
| Language code of text/sound track or separate title | eng |
| 050 04 - LIBRARY OF CONGRESS CALL NUMBER | |
| Classification number | 692.21 $2 18 |
| 100 1# - MAIN ENTRY--PERSONAL NAME | |
| Personal name | Williams, Corinne |
| 245 00 - TITLE STATEMENT | |
| Title | Watermist systems for fire protection in domestic and residential buildings |
| Remainder of title | An introduction |
| 260 ## - PUBLICATION, DISTRIBUTION, ETC. | |
| Place of publication, distribution, etc. | Watford |
| Name of publisher, distributor, etc. | BRE |
| Date of publication, distribution, etc. | 2014 |
| 300 ## - PHYSICAL DESCRIPTION | |
| Extent | 12p. |
| Other physical details | ill. |
| Dimensions | 30cm. |
| 490 #0 - SERIES STATEMENT | |
| Series statement | BRE Digest |
| Volume/sequential designation | (DG 534) |
| 520 ## - SUMMARY, ETC. | |
| Summary, etc. | Introduces the subject of watermist systems in domestic and residential building types to designers, specifiers, authorities having jurisdiction, end clients, developers, fire safety managers and non-specialists. Watermist fire protection systems are seen as a novel technology in the market but are sensitive to small design changes. Therefore, for successful implementation, watermist suppliers and approving bodies require an indepth knowledge of the system and its intended application. They are being offerend as a 'green' alternative to sprinkler systems because of their potential to reduce water consumption. |
| 521 ## - TARGET AUDIENCE NOTE | |
| Target audience note | Advanced |
| 590 ## - LOCAL NOTE (RLIN) | |
| Local note | KA |
| 650 24 - SUBJECT ADDED ENTRY--TOPICAL TERM | |
| Topical term or geographic name entry element | FIRE RISK MANAGEMENT |
| 651 #4 - SUBJECT ADDED ENTRY--GEOGRAPHIC NAME | |
| Geographic name | United Kingdom |
| Chronological subdivision | |
| 690 ## - LOCAL SUBJECT ADDED ENTRY--TOPICAL TERM (OCLC, RLIN) | |
| Topical term or geographic name as entry element | Health and safety |
| 9 (RLIN) | 6244 |
| 942 ## - ADDED ENTRY ELEMENTS (KOHA) | |
| Suppress in OPAC | 0 |
| Withdrawn status | Lost status | Source of classification or shelving scheme | Damaged status | Not for loan | Home library | Current library | Shelving location | Date acquired | Total Checkouts | Full call number | Barcode | Date last seen | Copy number | Price effective from | Koha item type |
|---|---|---|---|---|---|---|---|---|---|---|---|---|---|---|---|
| Dewey Decimal Classification | London | London | BRE publications | 09/10/2014 | BRE | 30075296 | 06/08/2019 | 1 | 06/08/2019 | Book |